कोई शीर्षक नहीं / (Record no. 112241)

MARC details
000 -LEADER
fixed length control field 01418nam a22002777a 4500
005 - DATE AND TIME OF LATEST TRANSACTION
control field 20170124102936.0
010 ## - LIBRARY OF CONGRESS CONTROL NUMBER
LC control number B-138040
020 ## - INTERNATIONAL STANDARD BOOK NUMBER
Terms of availability 395.00
International Standard Book Number 8181432266
035 ## - SYSTEM CONTROL NUMBER
System control number B-138040
037 ## - SOURCE OF ACQUISITION
Source of stock number/acquisition Cen Lib/Ret
040 ## - CATALOGING SOURCE
Original cataloging agency DPL
Language of cataloging HN
082 ## - DEWEY DECIMAL CLASSIFICATION NUMBER
Classification number 899.19851
Item number स्जय्म्बोर
100 ## - MAIN ENTRY--PERSONAL NAME
Personal name स्जय्म्बोर्सका, विस्वावा
9 (RLIN) 46504
245 ## - TITLE STATEMENT
Title कोई शीर्षक नहीं /
Statement of responsibility, etc विस्वावा स्जय्म्बोर्सका; अनुवादक अशोक वाजपेयी [और] रेताना चेकाल्स्का
246 ## - VARYING FORM OF TITLE
Title proper/short title Koi shirshak nahi /
Remainder of title by Wislawa Szymborska; anuvadak Ashok Vajpeyi [and] Retana Czekalska
260 ## - PUBLICATION, DISTRIBUTION, ETC. (IMPRINT)
Place of publication, distribution, etc नयी दिल्ली
Name of publisher, distributor, etc वाणी प्रकाशन
Date of publication, distribution, etc 2004
270 ## - ADDRESS
Address 21-ए, दरिया गंज
City नयी दिल्ली
Postal code 110002
300 ## - PHYSICAL DESCRIPTION
Extent xxvi, 209पृ.
Dimensions 19सेमी (सजिल्द)
650 ## - SUBJECT ADDED ENTRY--TOPICAL TERM
Topical term or geographic name as entry element जापानी साहित्य
9 (RLIN) 46505
650 ## - SUBJECT ADDED ENTRY--TOPICAL TERM
Topical term or geographic name as entry element कविता और संस्कृति
9 (RLIN) 4441
650 ## - SUBJECT ADDED ENTRY--TOPICAL TERM
Topical term or geographic name as entry element Hindi Literature
9 (RLIN) 46506
650 ## - SUBJECT ADDED ENTRY--TOPICAL TERM
Topical term or geographic name as entry element Poetry and Culture
9 (RLIN) 46507
700 ## - ADDED ENTRY--PERSONAL NAME
Personal name वाजपेयी, अशोक
9 (RLIN) 46283
700 ## - ADDED ENTRY--PERSONAL NAME
Personal name चेकाल्स्का, रेताना
9 (RLIN) 5721
942 ## - ADDED ENTRY ELEMENTS (KOHA)
Source of classification or shelving scheme Dewey Decimal Classification
Koha item type Hindi Books
Classification part 899.19851
Call number suffix स्जय्म्बोर
Holdings
Withdrawn status Lost status Damaged status Not for loan Home library Current library Date acquired Source of acquisition Cost, normal purchase price Total Checkouts Total Renewals Full call number Barcode Date last seen Date checked out Copy number Cost, replacement price Price effective from Koha item type Source of classification or shelving scheme
        Central Library Central Library 07/08/2015 Cen Lib/Ret 395.00 2 4 899.19851 स्जय्म्बोर B-138040 16/12/2022 28/10/2022 1 395.00 07/08/2015 Hindi Books  
        Sarojini Nagar Sarojini Nagar 27/03/2006   395.00     899.19851 स्जय्म्बोर B-138042 22/10/2021     395.00 22/10/2021 Hindi Books Dewey Decimal Classification

© Delhi Public Library
Hit Counter
free hit counter